000 00268nam a2200109Ia 4500
008 191201s2015 xx 000 0 und d
100 _aJAIN, T R
245 0 _aBusiness Statistics Sem-1
250 _aRep.
260 _c2015
_bV k publication
_aNEW DELHI
942 _2ddc
_cBK
999 _c7932
_d7932